• 首页
  • 本馆介绍
  • 公告通知
  • 最新文献
  • 馆藏检索
  • 电子资源
  • 读者导购
  • 参考咨询
  • 我的图书馆
  • 登录
  • 详细信息显示
  • 放入我的书架
  • 预约/预借图书
  • 作者相关作品
  • 分类相关作品
  • 丛书相关作品
  • 出版社相关作品

书目信息

  • 表格格式
  • 工作单格式
  • 卡片格式
题名:
《论十大关系》中的辩证法
    
 
作者: 李秀林 著
分册:  
出版信息: 北京   人民出版社  1978
页数: 116页
开本: 19cm
丛书名:
单 册:
中图分类: A42
科图分类:
主题词: 毛泽东著作--单行本
电子资源:
ISBN:
000 00674nam0 2200229 45
001 0178000935
005 20050516094749.8
010    @dCNY0.25
091    @a2001.170
100    @a19950713d1978 em y0chiy0121 ea
101 0  @achi
102    @aCN@b110000
105    @ay z 000yy
200 12 @a《论十大关系》中的辩证法@Alun shi da guan xi zhong de bian zheng fa@f李秀林等著@FLi Xiu Lin Deng Zhu
210    @a北京@c人民出版社@d1978
215    @a116页@d19cm
517 1  @a论十大关系中的辩证法@Alun shi da guan xi zhong de bian zheng fa
606 0  @a毛泽东著作@x单行本
690    @aA42@v3
701  0 @a李秀林@4著
801  0 @aCN@bNLC@c20050513
905    @dA42@e3-1@b1007@f1
    
    《论十大关系》中的辩证法/李秀林等著.-北京:人民出版社,1978
    116页;19cm
    
    
    ISBN :CNY0.25
    
●
相关链接 在E读中查询图书 在五车中查询图书 在当当中查询图书 在豆瓣中查询图书


正题名:《论十大关系》中的辩证法     索取号:A42/3-1         预约/预借

序号 登录号 条形码 馆藏地/架位号 状态 备注
1 0001007   002046654   第一样本阅览室/ [索取号:A42/3-1] 在馆    
唐山师范学院图书馆 欢迎您!
大连网信软件有限公司© 版权所有